[Event "Hanoi op"]
[Site "Hanoi"]
[Date "2022.08.27"]
[Round "7"]
[White "Le, Ngoc Minh Truong"]
[Black "Huynh, Le Minh Hoang"]
[Result "0-1"]
[WhiteElo "1158"]
[BlackElo "1326"]
[PlyCount "132"]
[EventDate "2022.08.20"]
[EventType "swiss"]
[EventRounds "9"]
[EventCountry "VIE"]
[SourceTitle "CBM 209 Extra"]
[Source "ChessBase"]
[SourceDate "2022.09.30"]
[SourceVersion "1"]
[SourceVersionDate "2022.09.30"]
[SourceQuality "1"]

1. e4 c5 2. Nf3 d6 3. d4 cxd4 4. Qxd4 a6 5. Nc3 Nc6 6. Qd2 Nf6 7. b3 g6 8. Bb2 Bg7 9. 0-0-0 0-0 10. h3 Qa5 11. Kb1 Be6 12. Bd3 Nb4 13. Na4 b5 14. Bc3 bxa4 15. Bxb4 Qb6 16. Ba5 Qb7 17. Qb4 Qxb4 18. Bxb4 a5 19. Bc3 Rfc8 20. Bb2 axb3 21. cxb3 a4 22. Nd4 axb3 23. axb3 Bd7 24. f3 Rcb8 25. Bc4 e6 26. Rhe1 Rb6 27. Re2 Rab8 28. Ka2 R6b7 29. Rc2 d5 30. exd5 Nxd5 31. Re2 Nb4+ 32. Kb1 e5 33. Nc2 Bf5 34. g4 Bxc2+ 35. Rxc2 Nxc2 36. Kxc2 Rc7 37. Bc3 Re8 38. Re1 h6 39. Kd3 Kh7 40. Ba5 Ra7 41. b4 Bf8 42. Kc3 Rb8 43. Rd1 Bg7 44. Kc2 Re8 45. Kb3 e4 46. fxe4 Rxe4 47. Bb6 Rae7 48. b5 Rf4 49. Rd3 Rf1 50. Bd8 Rb1+ 51. Kc2 Ree1 52. Rd2 Rbc1+ 53. Kb3 Rc3+ 54. Kb4 Rb1+ 55. Kc5 Rbc1 56. b6 Rxc4+ 57. Kb5 Rc5+ 58. Ka6 Ra1+ 59. Kb7 Be5 60. Rd7 Kg8 61. Be7 Rc3 62. Rd5 f6 63. Bd8 Kf7 64. Rb5 Ke6 65. Bc7 Bxc7 66. bxc7 Rac1 0-1

[Event "Hanoi op"]
[Site "Hanoi"]
[Date "2022.08.23"]
[Round "3"]
[White "Le, Ngoc Minh Truong"]
[Black "Nguyen, Huy Hoang"]
[Result "0-1"]
[WhiteElo "1158"]
[BlackElo "1173"]
[PlyCount "108"]
[EventDate "2022.08.20"]
[EventType "swiss"]
[EventRounds "9"]
[EventCountry "VIE"]
[SourceTitle "CBM 209 Extra"]
[Source "ChessBase"]
[SourceDate "2022.09.30"]
[SourceVersion "1"]
[SourceVersionDate "2022.09.30"]
[SourceQuality "1"]

1. e4 c5 2. Nf3 d6 3. d4 cxd4 4. Qxd4 a6 5. Nc3 Nc6 6. Qd2 Nf6 7. b3 g6 8. Bb2 Bg7 9. Nd4 0-0 10. f3 Nxd4 11. Qxd4 Be6 12. Qd2 Nd7 13. 0-0-0 b5 14. g4 b4 15. Ne2 Bxb2+ 16. Kxb2 a5 17. h4 Qb6 18. Nd4 Qa7 19. Nc6 Qc7 20. Nxe7+ Kg7 21. h5 Rh8 22. Be2 Rhc8 23. Nxc8 Rxc8 24. hxg6 hxg6 25. f4 a4 26. f5 Bxb3 27. cxb3 Qa5 28. Ra1 Qe5+ 29. Kb1 Qxe4+ 30. Qd3 Qxh1+ 31. Qd1 Qxd1+ 32. Bxd1 a3 33. Bc2 Ne5 34. Kc1 Nxg4 35. Kd2 Ne3 36. Kxe3 Rxc2 37. Kd3 Rg2 38. fxg6 fxg6 39. Kc4 Rg4+ 40. Kd5 Rf4 41. Kxd6 g5 42. Rg1 Kf6 43. Kc5 Kf5 44. Kb5 g4 45. Ka4 Kg5 46. Re1 g3 47. Re5+ Kg4 48. Re8 Kf3 49. Rg8 g2 50. Rg5 Kf2 51. Rf5 Rxf5 52. Kxb4 g1Q 53. Ka4 Qg4+ 54. b4 Qd1+ 0-1

[Event "VIE-ch U13"]
[Site "Ho Chi Minh City"]
[Date "2022.07.12"]
[Round "2"]
[White "Le, Ngoc Minh Truong"]
[Black "Le, Hoang Anh"]
[Result "1/2-1/2"]
[WhiteElo "2321"]
[BlackElo "2314"]
[PlyCount "96"]
[EventDate "2022.07.11"]
[EventType "swiss"]
[EventRounds "9"]
[EventCountry "VIE"]
[SourceTitle "EXT 2023"]
[Source "ChessBase"]
[SourceDate "2022.10.05"]
[SourceVersion "1"]
[SourceVersionDate "2022.10.05"]
[SourceQuality "1"]

1. e4 e6 2. d4 d5 3. Nc3 Nf6 4. e5 Nfd7 5. f4 a6 6. Nf3 c5 7. Be3 Nc6 8. Qd2 c4 9. Be2 b5 10. 0-0 Be7 11. f5 Nf8 12. fxe6 Nxe6 13. Nd1 f6 14. exf6 Bxf6 15. c3 0-0 16. Nf2 Bd7 17. Ng4 Qe7 18. Nxf6+ Rxf6 19. Ng5 Re8 20. Bf3 Qd6 21. Nxe6 Rexe6 22. Rae1 Rf8 23. Bf2 Rxe1 24. Rxe1 Bf5 25. Bg3 Qd7 26. Qe2 a5 27. h3 b4 28. Bh2 h6 29. Qd2 Kh8 30. Qf4 Rf6 31. Qc7 Re6 32. Qxd7 Rxe1+ 33. Kf2 Bxd7 34. Kxe1 Be6 35. Kd2 Kg8 36. Bh5 Bd7 37. Ke3 g5 38. Bd6 Kg7 39. Be5+ Kg8 40. Bf6 b3 41. a3 Na7 42. h4 gxh4 43. Bxh4 Nb5 44. Kd2 Bf5 45. Be7 Bd7 46. g4 Kg7 47. Kc1 Bc6 48. Kd2 Bd7 1/2-1/2

[Event "VIE-ch U13"]
[Site "Hanoi"]
[Date "2022.06.11"]
[Round "1"]
[White "Bui, Tran Minh Khang"]
[Black "Le, Ngoc Minh Truong"]
[Result "1/2-1/2"]
[WhiteElo "2358"]
[BlackElo "2333"]
[PlyCount "80"]
[EventDate "2022.06.11"]
[EventType "swiss"]
[EventRounds "9"]
[EventCountry "VIE"]
[SourceTitle "EXT 2023"]
[Source "ChessBase"]
[SourceDate "2022.10.05"]
[SourceVersion "1"]
[SourceVersionDate "2022.10.05"]
[SourceQuality "1"]

1. e4 c5 2. c4 Nc6 3. Nc3 g6 4. g3 Bg7 5. Bg2 d6 6. Nge2 e5 7. 0-0 Nge7 8. d3 0-0 9. a3 Be6 10. Rb1 a5 11. Nd5 Rb8 12. Nec3 Nd4 13. b4 axb4 14. axb4 cxb4 15. Rxb4 Bd7 16. Nxe7+ Qxe7 17. Nd5 Rfd8 18. Be3 Ne6 19. f4 Bc6 20. f5 Bxd5 21. cxd5 Nc5 22. d4 Nd7 23. dxe5 Bxe5 24. Qb3 b6 25. Rb1 Rbc8 26. Rc4 Rb8 27. Rc6 b5 28. Qb4 Qf6 29. Rf1 g5 30. Rd1 Rb7 31. Bd4 Bxd4+ 32. Rxd4 Nc5 33. Rd1 Qe5 34. Rb1 Re8 35. Qd2 f6 36. Rb4 Reb8 37. Qc2 Ra7 38. Bf1 Ra5 39. Rc7 Kh8 40. Qe2 Qe8 1/2-1/2

[Event "VIE-ch U09"]
[Site "Hai Phong"]
[Date "2018.07.09"]
[Round "4"]
[White "Le, Ngoc Minh Truong"]
[Black "Mao, Tuan Dung"]
[Result "1/2-1/2"]
[WhiteElo "1954"]
[BlackElo "1946"]
[PlyCount "96"]
[EventDate "2018.07.07"]
[EventType "swiss"]
[EventRounds "9"]
[EventCountry "VIE"]
[SourceTitle "EXT 2019"]
[Source "ChessBase"]
[SourceDate "2018.10.10"]
[SourceVersion "1"]
[SourceVersionDate "2018.10.10"]
[SourceQuality "1"]

1. e4 e6 2. d4 d5 3. Nc3 dxe4 4. Nxe4 Nd7 5. Nf3 Ngf6 6. Nxf6+ Nxf6 7. Bd3 Be7 8. 0-0 0-0 9. c3 b6 10. Qc2 Bb7 11. Ne5 Qc8 12. Bg5 h6 13. Bxf6 Bxf6 14. f4 c5 15. Be4 cxd4 16. cxd4 Qxc2 17. Bxc2 Rfd8 18. Rad1 Rac8 19. Bb3 Rd6 20. Rf2 Rcd8 21. Rfd2 g5 22. g3 h5 23. Kf2 g4 24. Ke3 b5 25. Rc1 Bxe5 26. fxe5 R6d7 27. a4 Bd5 28. Bxd5 Rxd5 29. a5 b4 30. Rc5 Kf8 31. Rd3 Ke8 32. Ke4 R8d7 33. a6 Kf8 34. Rc8+ Kg7 35. Rc5 f6 36. Rc4 Ra5 37. Rc6 Kf7 38. exf6 Kxf6 39. Rb3 Rb5 40. Rc4 Rb6 41. Rbxb4 Rxa6 42. Rc5 Kg6 43. Rbb5 Rad6 44. d5 exd5+ 45. Rxd5 Rxd5 46. Rxd5 Re7+ 47. Re5 Rb7 48. Re6+ Kg5 1/2-1/2

[Event "VIE-ch U09"]
[Site "Hai Phong"]
[Date "2018.07.08"]
[Round "3"]
[White "Nguyen, Thai Son"]
[Black "Le, Ngoc Minh Truong"]
[Result "0-1"]
[WhiteElo "1965"]
[BlackElo "1954"]
[PlyCount "90"]
[EventDate "2018.07.07"]
[EventType "swiss"]
[EventRounds "9"]
[EventCountry "VIE"]
[SourceTitle "EXT 2019"]
[Source "ChessBase"]
[SourceDate "2018.10.10"]
[SourceVersion "1"]
[SourceVersionDate "2018.10.10"]
[SourceQuality "1"]

1. e4 c5 2. Nf3 Nc6 3. Bb5 g6 4. Bxc6 bxc6 5. 0-0 Bg7 6. Re1 Nh6 7. d3 0-0 8. c3 f5 9. e5 Nf7 10. Bf4 Qc7 11. Qc2 d6 12. d4 cxd4 13. cxd4 dxe5 14. dxe5 e6 15. h4 Bb7 16. Qb3 Rfe8 17. Nd4 Qb6 18. Qxb6 axb6 19. Nc3 Rad8 20. Rad1 c5 21. Ndb5 Rxd1 22. Nxd1 h6 23. Bh2 Rd8 24. Ndc3 Rd7 25. Na3 Ba6 26. Na4 Rb7 27. b3 g5 28. hxg5 hxg5 29. f4 g4 30. g3 Bf8 31. Nb2 b5 32. Kf1 c4 33. Nb1 Rc7 34. Rc1 c3 35. Ke1 c2 36. Nd2 Ba3 37. Nd3 Bxc1 38. Nxc1 b4 39. Bg1 Rc3 40. Bh2 Nd8 41. Kf2 Nc6 42. Ke1 Nd4 43. Bg1 Ne2 44. Nxe2 Bxe2 45. Kxe2 c1Q 0-1